[Event "Neuquen Patagonia op 3rd"]
[Site "Neuquen"]
[Date "2017.11.18"]
[Round "1"]
[White "Palestri, Diego Leonardo"]
[Black "Krysa, Leandro Sergio"]
[Result "0-1"]
[WhiteElo "1630"]
[BlackElo "2545"]
[PlyCount "44"]
[EventDate "2017.11.18"]
[EventType "swiss"]
[EventRounds "9"]
[EventCountry "ARG"]
[SourceTitle "CBM 181 Extra"]
[Source "ChessBase"]
[SourceDate "2017.12.12"]
[SourceVersion "1"]
[SourceVersionDate "2017.12.12"]
[SourceQuality "1"]

1. e4 e5 2. d4 exd4 3. c3 Nf6 4. e5 Nd5 5. Bc4 Nb6 6. Bxf7+ Kxf7 7. Qh5+ g6 8. Qf3+ Kg7 9. Nh3 Be7 10. cxd4 d5 11. Nc3 Nc6 12. Qe3 h5 13. Nf4 Bf5 14. b3 Nb4 15. 0-0 Nc2 16. Qf3 Nxa1 17. Ncxd5 Nxd5 18. Nxd5 Nc2 19. Bb2 c6 20. Nf4 Nxd4 21. Qe3 Ne6 22. Ne2 Qd3 0-1